| 000 | 01383nam a2200229Ia 4500 | ||
|---|---|---|---|
| 003 | Ost | ||
| 005 | 20260507075046.0 | ||
| 008 | 260507s9999||||xx |||||||||||||| ||und|| | ||
| 020 | _a9773280675 | ||
| 040 | _cfsecg | ||
| 041 | _aara | ||
| 082 | _a330 | ||
| 100 |
_aأبو قحف، عبد السلام _eمؤلف |
||
| 245 | 0 |
_aدليل المدير في تفويض السلطة وملامح الإصلاح الإداري، العقود الإدارية وإدارة الأزمات / _c عبد السلام أبو قحف |
|
| 260 |
_aالإسكندرية: _bدار الجامعة الجديدة للنشر, _c2002 |
||
| 300 |
_a193 صفحة؛ _bإيضاحات ؛ _c23 سم |
||
| 520 | _aتفويض السلطة الإدارية-إبرام العقود الإدارية-هيكلية الإدارة العامة-الإصلاح الإداري-ادارة الأزمات-مقدمة-مفهوم إدارة الأزمات-مدخل التخطيط لإدارة الأزمات-القيادة الإستراتيجية في وقت الأزمات-التطبيقات:أزمة تيليتول-أزمة الأقصر1997-أزمة شركة خويتيس للمقاولات-أزمة شركة أماندا للدخان والسجائر-إنقاذ شركةx | ||
| 653 | _aالإصلاح الإداري | ||
| 653 | _aالعقود الإدارية | ||
| 653 | _aالمديرون | ||
| 942 | _cكتاب | ||
| 999 |
_c42575 _d42575 |
||